000 00560nam a2200217Ia 4500
003 OSt
005 20220928144045.0
006 a|||||r|||| 00| 0
007 ta
008 220927b |||||||| |||| 00| 0 eng d
024 _a23848
037 _cTextual
040 _aSDCL
_cSDCL
_beng
041 _2eng
_aeng
082 _aQ1:1, N7
100 _aNaravane V S
_9411158
245 0 _aSages, nymphs and deities
_b Excursions in Indian mythology.
260 _c1997
942 _hQ1:1, N7
_cTEXL
_2CC
999 _c825777
_d825777